Aves mais conhecidas! - Statistics

Estatísticas Gerais
  • Esse quiz foi jogado 360 vezes
  • A pontuação média é 32 de 63
Estatísticas das Respostas
Letra Inicial Pássaro % Correto
A ARARA
90%
G GALO/GALINHA
88%
A ÁGUIA
84%
A AVESTRUZ
84%
P PAPAGAIO
82%
U URUBU
80%
P PATO
79%
P PERIQUITO
73%
A ANDORINHA
72%
C CORUJA
71%
G GAVIÃO
71%
P POMBA
71%
B BEIJA-FLOR
69%
F FALCÃO
69%
G GANSO
69%
C CANÁRIO
68%
F FLAMINGO
68%
G GAIVOTA
68%
T TUCANO
68%
E EMA
67%
P PARDAL
64%
P PAVÃO
63%
C CORVO
61%
P PELICANO
61%
P PERU
61%
P PINGUIM
60%
Q QUERO-QUERO
60%
S SABIÁ
59%
C CISNE
58%
B BEM-TE-VI
57%
G GARÇA
56%
P PICA-PAU
56%
J JOÃO DE BARRO
53%
C CALOPSITA
52%
F FAISÃO
50%
A ALBATROZ
49%
C CODORNA
48%
M MARRECO
47%
A ABUTRE
46%
C CEGONHA
46%
C CACATUA
43%
S SIRIEMA
40%
G GRALHA
39%
P PERDIZ
36%
P PINTASSILGO
36%
A ANU
35%
C CONDOR
35%
R ROUXINOL
35%
T TICO-TICO
33%
A AZULÃO
30%
U UIRAPURU
28%
J JACU
26%
C CUCO
25%
A ANGOLISTA
24%
S SARACURA
24%
A ARAPONGA
22%
C CARDEAL
21%
M MARTIM-PESCADOR
18%
M MERGULHÃO
16%
S SOCÓ
14%
C CARRUÍRA
13%
C CATURRITA
8%
G GARNISÉ
7%
Nenhum quiz correspondente encontrado
Distribuição das Pontuações
Porcentagem de Pessoas com Cada Pontuação
Percentil de Números Respondidos
Sua Pontuação Histórica
Você não jogou esse quiz